ASSESING THE IMPACT OF INFORMATION TECHNOLOGY GOVERNANCE ON OUTCOME QUALITY & SUPPLY CHAIN AGILITY IN HOSPITALS: THE MEDIATING ROLE OF INFORMATION SHARING CAPABILITY/ (Record no. 607414)

000 -LEADER
fixed length control field 00624nam a22001457a 4500
003 - CONTROL NUMBER IDENTIFIER
control field NUST
082 ## - DEWEY DECIMAL CLASSIFICATION NUMBER
Classification number 200
245 ## - TITLE STATEMENT
Title ASSESING THE IMPACT OF INFORMATION TECHNOLOGY GOVERNANCE ON OUTCOME QUALITY & SUPPLY CHAIN AGILITY IN HOSPITALS: THE MEDIATING ROLE OF INFORMATION SHARING CAPABILITY/
Statement of responsibility, etc. Muhammad Arham Masud
264 ## - PRODUCTION, PUBLICATION, DISTRIBUTION, MANUFACTURE, AND COPYRIGHT NOTICE
Place of production, publication, distribution, manufacture Islamabad,
Name of producer, publisher, distributor, manufacturer NUST Business School (NBS)
Date of production, publication, distribution, manufacture, or copyright notice August 2023
300 ## - PHYSICAL DESCRIPTION
Extent ill;
Other physical details Hard Cover
Dimensions 30,cm
650 ## - SUBJECT ADDED ENTRY--TOPICAL TERM
Topical term or geographic name entry element MS-Logistics and Supply Chain Management
700 ## - ADDED ENTRY--PERSONAL NAME
Personal name Supervisor: Dr. Muhammad Moazzam
856 ## - ELECTRONIC LOCATION AND ACCESS
Uniform Resource Identifier <a href=": http://10.250.8.41:8080/xmlui/handle/123456789/38034">: http://10.250.8.41:8080/xmlui/handle/123456789/38034</a>
942 ## - ADDED ENTRY ELEMENTS (KOHA)
Source of classification or shelving scheme
Koha item type Soft Copy
Holdings
Withdrawn status Permanent Location Current Location Shelving location Date acquired Full call number Barcode Koha item type
  Central Library (CL) Central Library (CL) Thesis 01/17/2024 200 CL-T-6887 Soft Copy
© 2023 Central Library, National University of Sciences and Technology. All Rights Reserved.